000 00869nam a22002777a 4500
001 BR8305739
003 BR-BrBNA
005 20230928091812.0
007 ta
008 230509b bl.||||| |||| 00| 0 por d
040 _aBR-BrBNA
_bpor
_cBiblioteca Nacional de Agricultura
041 _a(Eng)
072 _aC10
_b/G514
090 _ C10 BR8305739
110 1 _aIICA, Brasilia, DF (Brasil);
_95552
110 1 _aSecretaria de Educacao de Pernambuco, Recife (Brasil);
_98760
110 1 _aMinisterio da Educacao, Brasilia, DF (Brasil)
_97408
245 1 _aA proposal for research on participatory evaluation strategies for education system [educacao, Brasil]
260 3 _aBrasilia, DF (Brasil):
_c1983.
300 _a24 p.
650 _aEDUCACAO
650 _aPLANEJAMENTO
650 _aADMINISTRACAO
909 _a202309
_bLucia
_c55
_dLucia Elande
942 _cBK
999 _c35601
_d35601